विचारधन भाग १ (Record no. 1073577)

MARC details
000 -LEADER
fixed length control field 00681nam a2200193Ia 4500
008 - FIXED-LENGTH DATA ELEMENTS--GENERAL INFORMATION
fixed length control field 151119s9999||||xx |||||||||||||| ||und||
082 ## - DEWEY DECIMAL CLASSIFICATION NUMBER
Classification number 922.945
082 ## - DEWEY DECIMAL CLASSIFICATION NUMBER
Item number GKKV20710
100 ## - MAIN ENTRY--PERSONAL NAME
Personal name कोपर्डेकर शरदचंद्र
245 ## - TITLE STATEMENT
Title विचारधन भाग १
260 ## - PUBLICATION, DISTRIBUTION, ETC. (IMPRINT)
Place of publication, distribution, etc पुणे
260 ## - PUBLICATION, DISTRIBUTION, ETC. (IMPRINT)
Name of publisher, distributor, etc इंद्रायणी साहित्य प्रकाशन
260 ## - PUBLICATION, DISTRIBUTION, ETC. (IMPRINT)
Date of publication, distribution, etc 0
600 ## - SUBJECT ADDED ENTRY--PERSONAL NAME
Personal name कोपर्डेकर शरदचंद्र
630 ## - SUBJECT ADDED ENTRY--UNIFORM TITLE
Uniform title विचारधन भाग १
700 ## - ADDED ENTRY--PERSONAL NAME
Personal name कोपर्डेकर शरदचंद्र
730 ## - ADDED ENTRY--UNIFORM TITLE
Uniform title विचारधन भाग १
942 ## - ADDED ENTRY ELEMENTS (KOHA)
Koha item type Book
Holdings
Withdrawn status Lost status Damaged status Not for loan Home library Current library Date acquired Cost, normal purchase price Total Checkouts Full call number Barcode Date last seen Cost, replacement price Price effective from Koha item type
        G.K. Khandekar Vachanalaya, Mulund G.K. Khandekar Vachanalaya, Mulund 02/13/2013 0.00   GKKV20710 GKKV20710 11/19/2015 0.00 11/19/2015 Book